[Event "LSV Turm Lippstadt 1 - Krefelder SK Tur"]
[Site "NRW-Klasse - Gruppe 1 2018/20"]
[Date "2018.11.18"]
[Round "3.2"]
[White "Wagner, Alexej"]
[Black "Kistella, Roman"]
[Result "1-0"]
[WhiteElo "2280"]
[BlackElo "2223"]
[Annotator "Daniel"]
[PlyCount "219"]
[EventDate "2018.??.??"]
[WhiteTeam "LSV Turm Lippstadt 1"]
[BlackTeam "Krefelder SK Turm 1"]

1. d4 d5 2. c4 e6 3. Nc3 Nf6 4. Bg5 Nbd7 5. cxd5 exd5 6. e3 c6 7. Bd3 Be7 8.
Qc2 h6 9. Bh4 Nh5 10. Bxe7 Qxe7 11. Nge2 Nb6 12. h3 Bd7 13. O-O-O Nf6 14. Kb1
O-O-O 15. Rc1 Kb8 16. Nf4 Rc8 17. Ka1 Rhd8 18. Qb3 g5 19. Nfe2 Be6 20. Na4 Nxa4
21. Qxa4 Ne4 22. Rhf1 Rc7 23. Qc2 Nd6 24. Qc5 Qd7 25. Rc2 Bf5 26. Nc1 Ne4 27.
Qb4 Ka8 28. Nb3 b6 29. Rd1 Be6 30. Rdc1 Nd6 31. Nd2 Bf5 32. Bxf5 Nxf5 33. a4
Qe7 34. Qxe7 Nxe7 35. h4 g4 36. Nf1 Kb7 37. Ng3 Rd6 38. Rf1 Re6 39. Ne2 Nf5 40.
Nf4 Ree7 41. g3 Ng7 42. Rfc1 Ne6 43. Nh5 f5 44. b4 Rf7 $11 45. Kb2 Rf8 46. Rc3
Rfc8 47. R1c2 Rf8 48. Rc1 Rfc8 49. R3c2 Rf8 50. Ka3 Rfc8 51. Kb2 Rf8 52. Rd1
Rd8 53. f3 Ng7 54. fxg4 fxg4 55. Nxg7 Rxg7 56. Rf1 Rd6 57. Kc3 Re6 58. Kd3 Rge7
59. Re2 Kc7 60. Rf4 h5 61. Rf5 Kd6 62. Rxh5 Rf6 63. Rg5 Re4 64. h5 c5 65. bxc5+
bxc5 66. Re5 Rxe5 67. dxe5+ Kxe5 68. Rh2 Rh6 69. a5 c4+ 70. Ke2 Kf5 71. Rh1 Kg5
72. Rd1 Rd6 73. Rd4 Kxh5 74. e4 Kg6 75. exd5 Kf5 76. Ke3 c3 77. Kd3 c2 78. Kxc2
Ke5 79. Rxg4 Kxd5 80. Kc3 Kc6 81. Kc4 Kb7 82. Rg5 Ka6 83. g4 Rd1 84. Rf5 Rg1
85. Rg5 Rd1 86. Rd5 Rg1 87. g5 Rg4+ 88. Kd3 Kb7 89. Ke3 Kc6 90. Rf5 Kd6 91. Kf3
Rg1 92. Kf4 Ke7 93. Rc5 Kf7 94. Kf5 Rf1+ 95. Ke5 Rd1 96. Rd5 Rc1 97. Kd6 Kg6
98. Rc5 Re1 99. Kc6 Re7 100. Kb5 Rb7+ 101. Ka6 Re7 102. Rb5 Rd7 103. Rb7 Rd6+
104. Kxa7 Kxg5 105. a6 Rd8 106. Rc7 Kf5 107. Kb7 Rd1 108. a7 Rb1+ 109. Kc8 Ra1
110. Kb8 1-0

[Event "LSV Turm Lippstadt 1 - Krefelder SK Tur"]
[Site "NRW-Klasse - Gruppe 1 2018/20"]
[Date "2018.11.18"]
[Round "3.3"]
[White "Van Gool, Rudi"]
[Black "Hecht, Carsten"]
[Result "0-1"]
[WhiteElo "2209"]
[BlackElo "2250"]
[PlyCount "86"]
[EventDate "2018.??.??"]
[WhiteTeam "Krefelder SK Turm 1"]
[BlackTeam "LSV Turm Lippstadt 1"]

1. d4 Nf6 2. Nf3 g6 3. Nbd2 d5 4. b4 a5 5. b5 Bg7 6. Bb2 Bf5 7. e3 Ne4 8. Be2
c5 9. c4 O-O 10. Rc1 Nxd2 11. Qxd2 dxc4 12. Rxc4 cxd4 13. Bxd4 Be6 14. Ra4 Nd7
15. Bxg7 Kxg7 16. Nd4 Qb6 17. Nxe6+ Qxe6 18. Bg4 f5 19. Bf3 Ne5 20. Bd5 Qf6 21.
O-O Rad8 22. Rd4 b6 23. Rc1 Rd6 24. f4 Nd7 25. Bc6 Nc5 26. Rxd6 exd6 27. Rc4
Rd8 28. Rd4 Kf8 29. e4 fxe4 30. Bxe4 Re8 31. Bc6 Re2 32. Qxe2 Qxd4+ 33. Kf1
Qxf4+ 34. Qf2 Qxf2+ 35. Kxf2 Ke7 36. Ke3 Ne6 37. h4 Nc7 38. Kd4 Ke6 39. a4 d5
40. Bb7 Kd6 41. Bc8 Ne6+ 42. Ke3 Ke5 43. Kf3 Nc5 0-1

[Event "LSV Turm Lippstadt 1 - Krefelder SK Tur"]
[Site "NRW-Klasse - Gruppe 1 2018/20"]
[Date "2018.11.18"]
[Round "3.4"]
[White "Kruse, Janik"]
[Black "Kern, Guido"]
[Result "0-1"]
[WhiteElo "2133"]
[BlackElo "2286"]
[PlyCount "58"]
[EventDate "2018.??.??"]
[WhiteTeam "LSV Turm Lippstadt 1"]
[BlackTeam "Krefelder SK Turm 1"]

1. d4 e6 2. c4 Bb4+ 3. Nc3 c5 4. e3 Nc6 5. Nge2 cxd4 6. exd4 d5 7. cxd5 exd5 8.
a3 Be7 9. Nf4 Nf6 10. Be2 O-O 11. O-O g5 12. Nh5 Nxh5 13. Bxh5 Bf6 14. Be3 Be6
15. Qd2 Na5 16. Rad1 Nc4 17. Qc1 Rc8 18. Be2 Nxe3 19. Qxe3 Bg7 20. f4 gxf4 21.
Qxf4 h6 22. Rd3 Qg5 23. Rg3 Qxf4 24. Rxf4 Kh8 25. Kf2 Rg8 26. Ke3 Bf8 27. Rxg8+
Kxg8 28. h3 Bxa3 29. Bf3 Rxc3+ 0-1

[Event "LSV Turm Lippstadt 1 - Krefelder SK Tur"]
[Site "NRW-Klasse - Gruppe 1 2018/20"]
[Date "2018.11.18"]
[Round "3.5"]
[White "Terhuven, Patrick"]
[Black "Grobbel, Rainer"]
[Result "1-0"]
[WhiteElo "2157"]
[BlackElo "2127"]
[Annotator "Daniel"]
[PlyCount "69"]
[EventDate "2018.??.??"]
[WhiteTeam "Krefelder SK Turm 1"]
[BlackTeam "LSV Turm Lippstadt 1"]

1. d4 Nf6 2. Nf3 d5 3. c4 e6 4. g3 Be7 5. Bg2 O-O 6. O-O b6 7. Nc3 Bb7 8. Ne5
Nbd7 9. Qa4 Nxe5 10. dxe5 Ne4 11. Nxe4 dxe4 12. Rd1 Qe8 13. Qc2 Qc6 14. Rd4 Qc5
15. Rd7 Qxe5 16. Bf4 Qf6 17. Rxc7 e5 18. Be3 Bc6 19. c5 Rac8 20. cxb6 axb6 21.
Bxb6 Bb7 22. Be3 Ba6 23. Rxc8 Rxc8 24. Qxe4 Bxe2 25. a4 h6 26. b4 Qa6 27. Qb1
Bd3 28. Qb2 e4 29. b5 Qa5 30. Qd2 Bb4 31. Qd1 Be7 32. b6 Bd8 $11 33. Qg4 f5 34.
Qg6 Rb8 35. Bd4 1-0

[Event "LSV Turm Lippstadt 1 - Krefelder SK Tur"]
[Site "NRW-Klasse - Gruppe 1 2018/20"]
[Date "2018.11.18"]
[Round "3.6"]
[White "Pollmueller, Michael"]
[Black "Winkel, Peter"]
[Result "1-0"]
[WhiteElo "2093"]
[BlackElo "2129"]
[PlyCount "151"]
[EventDate "2018.??.??"]
[WhiteTeam "LSV Turm Lippstadt 1"]
[BlackTeam "Krefelder SK Turm 1"]

1. d4 Nf6 2. Nf3 d5 3. c4 c6 4. Qc2 dxc4 5. Qxc4 Bg4 6. Nc3 Nbd7 7. e4 e5 8.
Nxe5 Nxe5 9. dxe5 Be6 10. Qd3 Ng4 11. Qxd8+ Rxd8 12. Bf4 Bc5 13. Bg3 Bd4 14.
Rd1 Bxe5 15. Rxd8+ Kxd8 16. Bxe5 Nxe5 17. f4 Ng4 18. Be2 Nh6 19. Kf2 f6 20.
Rd1+ Ke7 21. Ke3 Nf7 22. b4 Rd8 23. Rxd8 Nxd8 24. a4 b6 25. Kd4 Nb7 26. Bc4
Bxc4 27. Kxc4 a5 28. b5 Nd6+ 29. Kd4 cxb5 30. axb5 Ke6 31. e5 fxe5+ 32. fxe5
Nf7 33. Nd5 Nxe5 34. Nxb6 Kd6 35. Na4 Nd7 36. Nc3 Nc5 37. Kc4 Nb7 38. Na4 Kc7
39. Kd5 Kd7 40. Nb6+ Kc7 41. Na4 Nd8 42. g3 Kd7 43. Kc5 Nb7+ 44. Kb6 Kc8 45. g4
Kb8 46. Kc6 Kc8 47. b6 g5 48. Nc3 h6 49. Na4 Nd8+ 50. Kb5 Nb7 51. Kc6 Nd8+ 52.
Kb5 Nb7 53. Nb2 Nd6+ 54. Kxa5 Kb7 55. h3 Kc6 56. Ka6 Kd5 57. Ka5 Ke4 58. Kb4
Kd4 59. Na4 Nb7 60. Kb5 Kd5 61. Nc3+ Kd4 62. Nd1 Ke4 63. Kc6 Na5+ 64. Kd7 Kf3
65. Ke6 Kg3 66. Kf6 Kxh3 67. Ne3 Kh4 68. Kg6 Nb7 69. Kxh6 Na5 70. Kg6 Nb7 71.
Kf6 Na5 72. Kf5 Nb7 73. Nc4 Nc5 74. Ne5 Kg3 75. Kxg5 Ne4+ 76. Kh6 1-0

[Event "LSV Turm Lippstadt 1 - Krefelder SK Tur"]
[Site "NRW-Klasse - Gruppe 1 2018/20"]
[Date "2018.11.18"]
[Round "3.7"]
[White "Dorner, Matthias"]
[Black "Fecke, Andreas"]
[Result "1-0"]
[WhiteElo "2133"]
[BlackElo "2058"]
[PlyCount "49"]
[EventDate "2018.??.??"]
[WhiteTeam "Krefelder SK Turm 1"]
[BlackTeam "LSV Turm Lippstadt 1"]

1. d4 d6 2. c3 e5 3. dxe5 dxe5 4. Qxd8+ Kxd8 5. e4 Nf6 6. Bg5 Be7 7. Nd2 h6 8.
Bh4 Nfd7 9. Bg3 Bf6 10. Bc4 Ke7 11. a4 Nc6 12. Ngf3 Re8 13. Bd5 Nd8 14. O-O Kf8
15. a5 Rb8 16. b4 c6 17. Ba2 b5 18. axb6 axb6 19. Nc4 Nb7 20. Rfd1 b5 21. Ne3
h5 22. h4 Nb6 23. Bb3 Re7 24. Ra6 Nd7 25. Rxc6 1-0

[Event "LSV Turm Lippstadt 1 - Krefelder SK Tur"]
[Site "NRW-Klasse - Gruppe 1 2018/20"]
[Date "2018.11.18"]
[Round "3.8"]
[White "Kuehler, Andreas"]
[Black "Fehmer, Carsten"]
[Result "1/2-1/2"]
[WhiteElo "1876"]
[BlackElo "2060"]
[PlyCount "36"]
[EventDate "2018.??.??"]
[WhiteTeam "LSV Turm Lippstadt 1"]
[BlackTeam "Krefelder SK Turm 1"]

1. d4 e6 2. Nf3 f5 3. Nc3 d5 4. Bg5 Nf6 5. e3 Be7 6. Ne5 O-O 7. Be2 Ne4 8. Bxe7
Qxe7 9. Nxe4 fxe4 10. O-O Nd7 11. f4 Nxe5 12. fxe5 Bd7 13. Qd2 Qg5 14. Rxf8+
Rxf8 15. Rf1 Rxf1+ 16. Bxf1 Be8 17. Qf2 c5 18. c3 c4 1/2-1/2

[Event "Oberhausener SV 1 - Schach Nienberge 1"]
[Site "NRW-Klasse - Gruppe 1 2018/20"]
[Date "2018.11.18"]
[Round "3.1"]
[White "Remmeke, Hans"]
[Black "Hort, Vlastimil"]
[Result "0-1"]
[WhiteElo "2133"]
[BlackElo "2375"]
[PlyCount "104"]
[EventDate "2018.??.??"]
[WhiteTeam "Schach Nienberge 1"]
[BlackTeam "Oberhausener SV 1"]

1. d4 Nf6 2. c4 e6 3. g3 c5 4. d5 exd5 5. cxd5 d6 6. Nc3 g6 7. Bg2 Bg7 8. Nf3
O-O 9. O-O Na6 10. Nd2 Nc7 11. a4 Nd7 12. f4 f5 13. e4 fxe4 14. Ndxe4 Nf6 15.
Ng5 Re8 16. h3 b6 17. Qb3 h6 18. Nf3 Bf5 19. Rd1 h5 20. Ng5 Qd7 21. Kh2 Rac8
22. Bf1 Re7 23. Nb5 Nce8 24. Ne6 Rxe6 25. dxe6 Bxe6 26. Qc2 Bf5 27. Qb3+ d5 28.
Nc3 Nc7 29. Be3 c4 30. Qa2 Na6 31. Nxd5 Nxd5 32. Bxc4 Rxc4 33. Qxc4 Nac7 34.
Rac1 Bxb2 35. Qxc7 Qxc7 36. Rxc7 Nxc7 37. Bd4 Bxd4 38. Rxd4 Kf7 39. Rc4 Nd5 40.
a5 Ke7 41. axb6 axb6 42. Rc1 Kd6 43. Rg1 Bd7 44. g4 hxg4 45. hxg4 Nxf4 46. Rd1+
Nd5 47. Kg3 b5 48. Kh4 b4 49. Kg5 Kc5 50. Rc1+ Nc3 51. Rg1 b3 52. Kxg6 b2 0-1

[Event "Oberhausener SV 1 - Schach Nienberge 1"]
[Site "NRW-Klasse - Gruppe 1 2018/20"]
[Date "2018.11.18"]
[Round "3.2"]
[White "Becker, Marcel"]
[Black "Gottkehaskamp, Philipp"]
[Result "1-0"]
[WhiteElo "2272"]
[BlackElo "2034"]
[PlyCount "47"]
[EventDate "2018.??.??"]
[WhiteTeam "Oberhausener SV 1"]
[BlackTeam "Schach Nienberge 1"]

1. d4 Nf6 2. c4 g6 3. Nc3 Bg7 4. e4 O-O 5. Nf3 d6 6. h3 Nbd7 7. Bg5 h6 8. Be3
e5 9. d5 a5 10. g4 Ne8 11. Rg1 Nc5 12. Nd2 b6 13. Qf3 Kh7 14. Qg3 Qe7 15. Be2
Bf6 16. Nf3 g5 17. Rh1 Rg8 18. O-O-O Rg6 19. h4 gxh4 20. Nxh4 Bxh4 21. Rxh4 Nf6
22. Bxh6 Rxh6 23. Rxh6+ Kxh6 24. g5+ 1-0

[Event "Oberhausener SV 1 - Schach Nienberge 1"]
[Site "NRW-Klasse - Gruppe 1 2018/20"]
[Date "2018.11.18"]
[Round "3.4"]
[White "Ciornei, Dragos"]
[Black "Ringwelski, Marius"]
[Result "1/2-1/2"]
[WhiteElo "2075"]
[BlackElo "1959"]
[Annotator "Daniel"]
[PlyCount "94"]
[EventDate "2018.??.??"]
[WhiteTeam "Oberhausener SV 1"]
[BlackTeam "Schach Nienberge 1"]

1. e4 c5 2. Nf3 Nc6 3. d4 cxd4 4. Nxd4 g6 5. Nc3 Bg7 6. Be3 Nf6 7. Bc4 Qa5 8.
O-O O-O 9. Bb3 d6 10. h3 Bd7 11. Re1 Rfc8 12. Qe2 Qh5 13. Nf3 Na5 14. Bf4 Nxb3
15. axb3 Bc6 16. Rad1 Rc7 17. Rd2 Rac8 18. e5 $11 Bxf3 19. Qxf3 Qxf3 20. gxf3
dxe5 21. Bxe5 Rc6 22. Red1 e6 23. Nb5 Rc5 24. Rd8+ Ne8 25. Bxg7 Kxg7 26. Nxa7
Rxd8 27. Rxd8 Nf6 28. c4 Nh5 29. Rd7 Nf4 30. Nb5 Nxh3+ 31. Kf1 Nf4 32. Nd6 e5
33. Rxf7+ Kh6 34. Nxb7 Rc6 35. Kg1 Ra6 36. c5 Ra1+ 37. Kh2 Rf1 38. c6 Rxf2+ 39.
Kg1 Rc2 40. Nd8 Kg5 41. Rxh7 Nd5 42. Rd7 Ne3 43. Rd3 Kf4 44. Rc3 Rg2+ 45. Kh1
Rd2 46. c7 Kg3 47. Rc1 Rh2+ 1/2-1/2

[Event "Oberhausener SV 1 - Schach Nienberge 1"]
[Site "NRW-Klasse - Gruppe 1 2018/20"]
[Date "2018.11.18"]
[Round "3.5"]
[White "Gottkehaskamp, Stefan"]
[Black "Matzat, Andre"]
[Result "1-0"]
[WhiteElo "1998"]
[BlackElo "2029"]
[PlyCount "93"]
[EventDate "2018.??.??"]
[WhiteTeam "Schach Nienberge 1"]
[BlackTeam "Oberhausener SV 1"]

1. d4 Nf6 2. Nf3 e6 3. Bf4 c5 4. e3 d5 5. Nbd2 Nc6 6. c3 cxd4 7. exd4 Nh5 8.
Bg5 f6 9. Bh4 Bd6 10. Bb5 O-O 11. O-O Qb6 12. Qb3 Bd7 13. Bd3 Qc7 14. Qc2 f5
15. Bg3 Nxg3 16. hxg3 g6 17. Bb5 Nd8 18. Qa4 Bxb5 19. Qxb5 Nf7 20. Rfe1 a6 21.
Qd3 Rfe8 22. Nb3 Bf8 23. Ne5 Bd6 24. Nxf7 Kxf7 25. Nd2 b5 26. a3 a5 27. Rac1
Rab8 28. Nf3 h6 29. Rc2 g5 30. Ne5+ Bxe5 31. Rxe5 Rb6 32. g4 Qc4 33. Qh3 Rh8
34. gxf5 exf5 35. Qxf5+ Rf6 36. Qd7+ Kg6 37. Rce2 Qd3 38. Qxd5 Qd1+ 39. Re1 Qd2
40. Qe4+ Kh5 41. Qe2+ Qxe2 42. R1xe2 Rb8 43. f3 Rc6 44. Re6 Rc4 45. g4+ Kh4 46.
Kg2 Rh8 47. Re1 1-0

[Event "Oberhausener SV 1 - Schach Nienberge 1"]
[Site "NRW-Klasse - Gruppe 1 2018/20"]
[Date "2018.11.18"]
[Round "3.6"]
[White "Voge, Andreas"]
[Black "Kemper, Georg"]
[Result "1/2-1/2"]
[WhiteElo "2023"]
[BlackElo "1986"]
[PlyCount "61"]
[EventDate "2018.??.??"]
[WhiteTeam "Oberhausener SV 1"]
[BlackTeam "Schach Nienberge 1"]

1. Nf3 e6 2. b3 d5 3. Bb2 Nf6 4. e3 Be7 5. d4 O-O 6. Bd3 Ne4 7. O-O f5 8. Ne5
Nd7 9. f3 Nef6 10. c4 c6 11. Nxd7 Bxd7 12. Nc3 Be8 13. Qc2 Rc8 14. e4 dxe4 15.
fxe4 Bg6 16. exf5 exf5 17. Ne2 Ng4 18. Rf3 Bg5 19. Nf4 Qd6 20. c5 Qc7 21. g3
Bxf4 22. Rxf4 Rce8 23. Qd2 Qe7 24. Raf1 Qe3+ 25. Qxe3 Nxe3 26. Re1 Nd5 27. Rff1
Rxe1 28. Rxe1 f4 29. Be4 fxg3 30. Bxd5+ cxd5 31. hxg3 1/2-1/2

[Event "Oberhausener SV 1 - Schach Nienberge 1"]
[Site "NRW-Klasse - Gruppe 1 2018/20"]
[Date "2018.11.18"]
[Round "3.7"]
[White "Althoff, Franz"]
[Black "Weyh, Thomas"]
[Result "1/2-1/2"]
[WhiteElo "1990"]
[BlackElo "2003"]
[PlyCount "151"]
[EventDate "2018.??.??"]
[WhiteTeam "Schach Nienberge 1"]
[BlackTeam "Oberhausener SV 1"]

1. Nf3 d5 2. d4 e6 3. c4 c5 4. dxc5 Bxc5 5. e3 Nf6 6. Nc3 O-O 7. Be2 dxc4 8.
Qxd8 Rxd8 9. Bxc4 a6 10. a3 b5 11. Ba2 Bb7 12. O-O Nbd7 13. Rd1 Rac8 14. h3 Kf8
15. Bb1 Ke7 16. e4 b4 17. Na4 Nxe4 18. Nxc5 Ndxc5 19. Rxd8 Rxd8 20. Bxe4 Nxe4
21. Be3 bxa3 22. Rxa3 Rd5 23. Nd4 Nd6 24. Rc3 Kd7 25. Nb3 Nb5 26. Rc1 Nd6 27.
Nc5+ Kd8 28. Ra1 Bc8 29. Nxa6 Nc4 30. b4 Nxe3 31. fxe3 Rb5 32. Kf2 Bxa6 33.
Rxa6 Rxb4 34. Ra7 Ke8 35. Kf3 Rb2 36. Rc7 Rd2 37. Ra7 Rd7 38. Ra8+ Ke7 39. Rb8
Kf6 40. Ra8 Rd5 41. Ra6 Rf5+ 42. Ke2 Kg5 43. Ra4 h5 44. g3 e5 45. Re4 Kh6 46.
Ra4 g5 47. Ra8 e4 48. g4 hxg4 49. hxg4 Re5 50. Kf2 Re6 51. Kg2 Kg6 52. Rg8+ Kf6
53. Ra8 Rd6 54. Re8 Re6 55. Ra8 Ke7 56. Ra7+ Ke8 57. Ra8+ Ke7 58. Ra7+ Kf8 59.
Kg3 Rf6 60. Kg2 Rf3 61. Ra3 Kg7 62. Rb3 Kg6 63. Ra3 Kf6 64. Rb3 Ke5 65. Rb5+
Ke6 66. Rxg5 Rxe3 67. Rf5 Ra3 68. Rf4 Ra2+ 69. Kf1 Ra4 70. Ke2 Ke5 71. Rxf7
Ra2+ 72. Ke3 Ra3+ 73. Ke2 Rg3 74. Re7+ Kf4 75. Rf7+ Kxg4 76. Rg7+ 1/2-1/2

[Event "Oberhausener SV 1 - Schach Nienberge 1"]
[Site "NRW-Klasse - Gruppe 1 2018/20"]
[Date "2018.11.18"]
[Round "3.8"]
[White "Gerst, Michael"]
[Black "Keller, Dirk"]
[Result "1/2-1/2"]
[WhiteElo "1933"]
[BlackElo "1892"]
[PlyCount "41"]
[EventDate "2018.??.??"]
[WhiteTeam "Oberhausener SV 1"]
[BlackTeam "Schach Nienberge 1"]

1. d4 Nf6 2. c4 e6 3. Nf3 b6 4. e3 Bb7 5. Bd3 d5 6. O-O Bd6 7. Nc3 O-O 8. b3
Nbd7 9. Nb5 Be7 10. Bb2 a6 11. Nc3 Bd6 12. Qe2 Ne4 13. Rfd1 Qe7 14. Rac1 f5 15.
g3 c5 16. Na4 dxc4 17. bxc4 Bc6 18. Nc3 Nxc3 19. Bxc3 e5 20. dxe5 Nxe5 21. Nxe5
1/2-1/2

[Event "SV Letmathe 1 - SF Lieme 1"]
[Site "NRW-Klasse - Gruppe 1 2018/20"]
[Date "2018.11.18"]
[Round "3.1"]
[White "Niermann, Tristan"]
[Black "Kolosowski, Mateusz"]
[Result "0-1"]
[WhiteElo "2266"]
[BlackElo "2441"]
[PlyCount "50"]
[EventDate "2018.??.??"]
[WhiteTeam "SF Lieme 1"]
[BlackTeam "SV Letmathe 1"]

1. d4 d5 2. c4 e6 3. Nf3 Nf6 4. g3 Bb4+ 5. Bd2 Bd6 6. Nc3 O-O 7. Qc2 c5 8. cxd5
exd5 9. Nb5 c4 10. Nxd6 Qxd6 11. Bg2 Re8 12. Bf4 Qb4+ 13. Qd2 Nc6 14. Qxb4 Nxb4
15. Kd1 Ne4 16. Be3 c3 17. bxc3 Nxc3+ 18. Kd2 Ne4+ 19. Kd1 Bd7 20. Kc1 Rac8+
21. Kb2 Nxf2 22. Bxf2 Rxe2+ 23. Kb3 Rxf2 24. Kxb4 a5+ 25. Kb3 Rfc2 0-1

[Event "SV Letmathe 1 - SF Lieme 1"]
[Site "NRW-Klasse - Gruppe 1 2018/20"]
[Date "2018.11.18"]
[Round "3.3"]
[White "Himpenmacher, Andy"]
[Black "Cukrowski, Filip"]
[Result "0-1"]
[WhiteElo "2199"]
[BlackElo "2409"]
[PlyCount "80"]
[EventDate "2018.??.??"]
[WhiteTeam "SF Lieme 1"]
[BlackTeam "SV Letmathe 1"]

1. d4 Nf6 2. Bf4 d6 3. Nc3 Nbd7 4. Nf3 c5 5. d5 b5 6. e4 b4 7. Na4 Qa5 8. b3
Bb7 9. Nd2 g6 10. Be2 Bg7 11. Nb2 O-O 12. Nbc4 Qd8 13. O-O Nb6 14. Be3 Rc8 15.
a3 Nxc4 16. Bxc4 a5 17. a4 Nd7 18. Rb1 Nb6 19. Qe2 Rc7 20. Rbd1 Kh8 21. f4 f5
22. Nf3 Nxc4 23. bxc4 fxe4 24. Ng5 Bc8 25. g4 Qe8 26. Qg2 h6 27. Ne6 Bxe6 28.
dxe6 Qxa4 29. Qxe4 Qe8 30. f5 gxf5 31. Rxf5 Rxf5 32. Qxf5 Rc8 33. Rf1 Qg8 34.
Qg6 Qh7 35. Qf7 Bf6 36. Rxf6 exf6 37. Qh5 a4 38. Bxh6 a3 39. Qh4 Qg6 40. h3 Kg8
0-1

[Event "SV Letmathe 1 - SF Lieme 1"]
[Site "NRW-Klasse - Gruppe 1 2018/20"]
[Date "2018.11.18"]
[Round "3.4"]
[White "Adamski, Jan"]
[Black "Essing, Arnold"]
[Result "1/2-1/2"]
[WhiteElo "2207"]
[BlackElo "2165"]
[PlyCount "60"]
[EventDate "2018.??.??"]
[WhiteTeam "SV Letmathe 1"]
[BlackTeam "SF Lieme 1"]

1. Nf3 d5 2. c4 c6 3. e3 e6 4. d4 f5 5. Be2 Nf6 6. O-O Bd6 7. Ne5 O-O 8. Nc3 a6
9. f4 b6 10. Bd2 Ra7 11. Rc1 Ne4 12. Nxe4 fxe4 13. Qb3 Bxe5 14. fxe5 Rxf1+ 15.
Bxf1 Bd7 16. Be2 b5 17. cxb5 cxb5 18. Bb4 Be8 19. Bg4 Qd7 20. Rf1 Bf7 21. Bd6
Nc6 22. Qc3 h5 23. Bh3 Ra8 24. Qc5 Qb7 25. Qc2 Rc8 26. Qf2 Qd7 27. Qh4 Qd8 28.
Qf2 Qd7 29. Qh4 Qd8 30. Qf2 Qd7 1/2-1/2

[Event "SV Letmathe 1 - SF Lieme 1"]
[Site "NRW-Klasse - Gruppe 1 2018/20"]
[Date "2018.11.18"]
[Round "3.5"]
[White "Wolf, Andre"]
[Black "Soukup, Jiri"]
[Result "0-1"]
[WhiteElo "2138"]
[BlackElo "2344"]
[PlyCount "78"]
[EventDate "2018.??.??"]
[WhiteTeam "SF Lieme 1"]
[BlackTeam "SV Letmathe 1"]

1. e4 e5 2. Nf3 Nc6 3. Bb5 Nge7 4. c3 g6 5. d4 Bg7 6. O-O a6 7. Ba4 b5 8. Bb3
O-O 9. dxe5 h6 10. h4 Na5 11. Bc2 Nec6 12. a4 Bb7 13. Na3 bxa4 14. Bf4 Nb3 15.
Rb1 Nca5 16. Qe2 Bc6 17. Qe3 Kh7 18. h5 Qe7 19. e6 Qxe6 20. Bxc7 Qg4 21. hxg6+
fxg6 22. Ne5 Bxe5 23. Bxe5 Rae8 24. f4 Qe6 25. Rbd1 Nb7 26. Qg3 Rg8 27. Bd3
N3a5 28. Rde1 Nc5 29. Bc7 Bxe4 30. Bxe4 Nxe4 31. Rxe4 Qxe4 32. Bxa5 Rgf8 33.
Bb4 Rf5 34. Rd1 d5 35. Rd4 Qe2 36. Qf2 Qg4 37. Rd2 Rxf4 38. Qa7+ Kg8 39. Be7
Qe6 0-1

[Event "SV Letmathe 1 - SF Lieme 1"]
[Site "NRW-Klasse - Gruppe 1 2018/20"]
[Date "2018.11.18"]
[Round "3.6"]
[White "Dubinski, Mateusz"]
[Black "Schaffarczyk, Andre"]
[Result "1-0"]
[WhiteElo "2289"]
[BlackElo "2081"]
[PlyCount "53"]
[EventDate "2018.??.??"]
[WhiteTeam "SV Letmathe 1"]
[BlackTeam "SF Lieme 1"]

1. d4 d5 2. c4 e6 3. Nf3 Nf6 4. g3 Bb4+ 5. Bd2 Be7 6. Bg2 c6 7. Qc2 Nbd7 8. O-O
O-O 9. Rd1 b6 10. Bf4 Bb7 11. Nc3 Rc8 12. cxd5 cxd5 13. Qa4 a6 14. Rdc1 Rc4 15.
Qd1 Qa8 16. Qd3 b5 17. Nd2 Rcc8 18. Nb3 Qa7 19. h3 Nb6 20. Nc5 Ba8 21. b4 Nc4
22. a4 Bxc5 23. dxc5 Nb2 24. Qc2 Nxa4 25. Nxa4 bxa4 26. Qxa4 Bc6 27. b5 1-0

[Event "SV Letmathe 1 - SF Lieme 1"]
[Site "NRW-Klasse - Gruppe 1 2018/20"]
[Date "2018.11.18"]
[Round "3.7"]
[White "Stork, Holger"]
[Black "Gruermann, Martin"]
[Result "1/2-1/2"]
[WhiteElo "2064"]
[BlackElo "2208"]
[Annotator "Daniel"]
[PlyCount "90"]
[EventDate "2018.??.??"]
[WhiteTeam "SF Lieme 1"]
[BlackTeam "SV Letmathe 1"]

1. e4 c5 2. Nf3 Nf6 3. e5 Nd5 4. Nc3 Nxc3 5. dxc3 Nc6 6. Bc4 e6 7. Bf4 Qc7 8.
Qe2 h6 9. Bg3 b6 10. O-O-O Bb7 11. Rd2 O-O-O 12. Rhd1 g5 13. h3 Rg8 14. Nh2 Nb8
15. Ng4 Qc6 16. Nf6 Rg6 17. Bb5 Qxg2 18. Bxd7+ Nxd7 19. Nxd7 Be7 20. Nf6 Qc6
21. Rxd8+ Bxd8 22. Qd3 Be7 23. f3 a6 24. Ne4 Qd5 25. c4 Qxd3 26. cxd3 Kd7 27.
Kd2 $11 f5 28. exf6 Bxf6 29. Nxf6+ Rxf6 30. Rf1 Rxf3 31. Rxf3 Bxf3 32. Ke3 Bg2
33. h4 Bh3 34. hxg5 hxg5 35. d4 Kc6 36. Ke4 Bf5+ 37. Ke5 Bb1 38. d5+ exd5 39.
cxd5+ Kd7 40. a3 g4 41. d6 Bc2 42. Kd5 Bb3+ 43. Ke5 b5 44. Bf2 c4 45. Bg3 a5
1/2-1/2

[Event "SV Letmathe 1 - SF Lieme 1"]
[Site "NRW-Klasse - Gruppe 1 2018/20"]
[Date "2018.11.18"]
[Round "3.8"]
[White "Pfleger, Sascha"]
[Black "Schulte, Oliver"]
[Result "0-1"]
[WhiteElo "2038"]
[BlackElo "2059"]
[PlyCount "140"]
[EventDate "2018.??.??"]
[WhiteTeam "SV Letmathe 1"]
[BlackTeam "SF Lieme 1"]

1. d4 Nf6 2. c4 d6 3. Nc3 Nbd7 4. Nf3 e5 5. e3 c6 6. Be2 Qc7 7. O-O Be7 8. a3
Nf8 9. c5 e4 10. Nd2 d5 11. f3 exf3 12. Nxf3 Ng6 13. Bd3 O-O 14. Bd2 Bg4 15.
Qc2 Rae8 16. Be1 Qc8 17. h3 Bd7 18. Bg3 Nh5 19. Bh2 f5 20. Rae1 Nf6 21. b4 Ne4
22. a4 Bd8 23. Ne5 Nxe5 24. Bxe5 Bh4 25. Rb1 a6 26. Qb3 Nd2 27. Qa2 Nxb1 28.
Qxb1 Bf6 29. Bd6 Be7 30. Be5 Bg5 31. Rf3 g6 32. Ne2 Bd8 33. Bd6 Rf7 34. Qf1 Bc7
35. Bf4 Bxf4 36. Nxf4 Qd8 37. Qf2 Qg5 38. Rg3 Qh6 39. h4 Kh8 40. Rf3 Rfe7 41.
Qg3 Rg7 42. Nh3 f4 43. Nxf4 g5 44. hxg5 Rxg5 45. Qh2 Qxh2+ 46. Kxh2 Bg4 47. Rg3
Rg7 48. Kg1 Bd1 49. Rh3 Bg4 50. Rg3 Kg8 51. Kf2 Bd1 52. Rxg7+ Kxg7 53. b5 axb5
54. axb5 Bg4 55. b6 Ra8 56. e4 dxe4 57. Bxe4 Kf6 58. Kg3 h5 59. Kf2 Ra2+ 60.
Ke3 Ra3+ 61. Kf2 Kg5 62. Ng6 Bf5 63. Bxf5 Kxf5 64. Ne7+ Ke6 65. Nc8 Kd5 66. Nd6
h4 67. Nf5 h3 68. g4 Ke4 69. Nd6+ Kf4 70. Nxb7 Ra2+ 0-1

[Event "SG Niederkassel 1 - SF Brackel 1"]
[Site "NRW-Klasse - Gruppe 1 2018/20"]
[Date "2018.11.18"]
[Round "3.1"]
[White "Luft, Dennis"]
[Black "Wigger, Jochen"]
[Result "1-0"]
[WhiteElo "2249"]
[BlackElo "2234"]
[Annotator "Daniel"]
[PlyCount "121"]
[EventDate "2018.??.??"]
[WhiteTeam "SF Brackel 1"]
[BlackTeam "SG Niederkassel 1"]

1. e4 c6 2. d4 d5 3. exd5 cxd5 4. Bd3 Nc6 5. c3 Nf6 6. Bf4 Bg4 7. Qb3 Qd7 8.
Nd2 e6 9. Ngf3 Bxf3 10. Nxf3 Bd6 11. Be5 Be7 12. O-O O-O 13. Qc2 g6 14. Rfe1
Rfc8 15. Qd2 Qe8 16. Bf4 a6 17. Ne5 Nxe5 18. dxe5 Nd7 19. Re3 b5 20. Rae1 Rab8
21. Rg3 a5 22. Bg5 b4 23. h4 bxc3 24. bxc3 Bxg5 25. Qxg5 Qd8 26. Qf4 Nf8 27. h5
Qe7 28. hxg6 fxg6 29. Qd2 Rc7 $11 30. Kh2 Qc5 31. Qh6 Rf7 32. Ree3 Qe7 33. Ref3
Rb7 34. a4 Rc7 35. Kh3 Rxf3 36. Rxf3 Qg7 37. Qxg7+ Kxg7 38. Bb5 g5 39. g3 h5
40. Kg2 Re7 41. Kf1 g4 42. Re3 Nh7 43. c4 dxc4 44. Rc3 Ng5 45. Rxc4 Nf3 46. Rc6
Nxe5 47. Ra6 Kf6 48. Rxa5 Nf3 49. Ke2 Rc7 50. Kd3 Ne5+ 51. Ke4 Rc2 52. Ra8 Nf3
53. a5 Rxf2 54. a6 Ng5+ 55. Kd4 Rd2+ 56. Kc4 Nf7 57. a7 Re2 58. Kb4 Rc2 59. Ka5
h4 60. gxh4 g3 61. Kb6 1-0

[Event "SG Niederkassel 1 - SF Brackel 1"]
[Site "NRW-Klasse - Gruppe 1 2018/20"]
[Date "2018.11.18"]
[Round "3.2"]
[White "Schienmann, Bruno"]
[Black "Kartsev, Soel"]
[Result "0-1"]
[WhiteElo "2234"]
[BlackElo "2212"]
[PlyCount "82"]
[EventDate "2018.??.??"]
[WhiteTeam "SG Niederkassel 1"]
[BlackTeam "SF Brackel 1"]

1. d4 Nf6 2. c4 e6 3. Nc3 Bb4 4. e3 O-O 5. Nge2 d5 6. a3 Be7 7. cxd5 Nxd5 8. g3
c5 9. Bg2 Nxc3 10. bxc3 Nc6 11. O-O Qc7 12. e4 e5 13. d5 Na5 14. f4 f6 15. Kh1
c4 16. fxe5 fxe5 17. Rxf8+ Bxf8 18. Ng1 Nb3 19. Ra2 Bd7 20. Rf2 Bc5 21. Rf1 Rf8
22. Nf3 b5 23. Ng5 h6 24. Rxf8+ Bxf8 25. Nf3 Qd6 26. Be3 a5 27. h3 Qf6 28. g4
g5 29. Qe1 Bxa3 30. h4 Bd6 31. hxg5 hxg5 32. Bxg5 Qh8+ 33. Kg1 a4 34. Kf1 a3
35. Qb1 Bxg4 36. Nd2 Qh5 37. Be3 Bh3 38. Bxh3 Qxh3+ 39. Ke2 Qg4+ 40. Kf2 Nxd2
41. Bxd2 Bc5+ 0-1